LOS SINDICATOS NACIONALES EN EL MEXICO CONTEMPORANEO/

PETROLEROS

Guardado en:
Bibliografiske detaljer
Andre forfattere: Aguilar, Javier (coordinación) (coordinación)
Format: Bog
Serier:(Los Sindicatos Nacionales-Petroleros ; 1)
Fag:
Tags: Tilføj Tag
Ingen Tags, Vær først til at tagge denne postø!

MARC

LEADER 00000nam^a2200000^a^4500
001 000220535
005 20250521000000.0
009 20260310103848.762
020 |a 968-498-021-3 
035 |a 039299 
037 |a Acervo Xavier Clavigero 
082 |a 331. 872  |b SIN 
245 1 4 |a LOS SINDICATOS NACIONALES EN EL MEXICO CONTEMPORANEO/  |c COORD. JAVIER AGUILAR GARCIA 
264 |a México :  |b GV Editores,  |c 1986 
300 |a 384p. 
336 |a texto  |b txt  |2 rdacontenido 
337 |a sin mediación  |b n  |2 rdamedio 
338 |a volumen  |b nc  |2 rdasoporte 
440 5 |a (Los Sindicatos Nacionales-Petroleros ;  |v 1) 
520 |a PETROLEROS 
610 |a PEMEX 
649 |a XX 
650 |a Sindicalismo 
700 |a Aguilar, Javier  |e (coordinación) 
910 |a Fondo General 
920 |a Impresos - Libros 
930 |a Colección General 
905 |a 101 
901 |a 039299  |b IT1  |c ACC  |i 039299  |u 20250521 
902 |a https://opac.biblio.iteso.mx/vufind/Record/000220535